000 00365nam a22001457a 4500
003 SGT
020 _a9789389211436
082 _a616.01
_bM20A
100 _aAnanthanarayan, Paniker's
245 _aTextbook of Microbiology MCQs
260 _aNEW DELHI
_bUNIVERSITIES PRESS, Orient Blackswan
_c2020
300 _a1-94
650 _aMicrobiology
942 _2ddc
_cBK
999 _c20893
_d20893